| 000 | 00416nam a2200157Ia 4500 | ||
|---|---|---|---|
| 008 | 230711s9999||||xx |||||||||||||| ||und|| | ||
| 041 | _aENG | ||
| 082 |
_a540 _bDE-M |
||
| 100 | _aCharles H. DePuy | ||
| 245 | 0 | _aMolecular reactions and photoChemistry | |
| 250 | _a2nd . Ed. | ||
| 260 |
_c1988 _aNew Delhi _bPrentice-Hall of India Private Limited |
||
| 650 | _aChemistry | ||
| 700 | _aOrville L. Chapman | ||
| 942 | _cBK | ||
| 999 |
_c487 _d487 |
||